000
00219nam a2200097Ia 4500
008
190216s9999||||xx |||||||||||||| ||und||
100
_a
Ramesh Bedi
245
0
_a
Hindi-Dilli
260
_b
National Book Stall
942
_c
BK
999
_c
17318
_d
17318